[Event "Bad Sooden-Allendorf Seniors op 14th"]
[Site "Bad Sooden-Allendorf"]
[Date "2002.04.26"]
[Round "5"]
[White "Thomas, Johann"]
[Black "Falkowski, Wilfried"]
[Result "0-1"]
[WhiteElo "1396"]
[BlackElo "1884"]
[PlyCount "106"]
[EventDate "2002.04.??"]
[EventType "swiss"]
[EventRounds "9"]
[EventCountry "GER"]
[SourceTitle "EXT 2006"]
[Source "ChessBase"]
[SourceDate "2005.11.24"]
[SourceVersion "1"]
[SourceVersionDate "2005.11.24"]
[SourceQuality "1"]

1. d4 d5 2. Nf3 Nf6 3. Nc3 e6 4. e3 c5 5. b3 Nc6 6. Bb5 a6 7. Bxc6+ bxc6 8. 0-0 cxd4 9. exd4 Bd6 10. Bg5 h6 11. Bh4 0-0 12. Qd3 a5 13. Rfe1 Ba6 14. Qd1 Bb4 15. Re3 Be7 16. Ne5 Qc7 17. Bg3 Bd6 18. Qf3 c5 19. dxc5 Bxc5 20. Ng4 Qd8 21. Ree1 Nxg4 22. Qxg4 Qg5 23. Qxg5 hxg5 24. Red1 Rac8 25. Na4 Be7 26. c3 Bb5 27. Rac1 Bxa4 28. bxa4 Rc4 29. Rd4 Rfc8 30. Rxc4 Rxc4 31. Rc2 Bf6 32. Kf1 d4 33. Ke2 dxc3 34. f3 Rxa4 35. Be1 Ra3 36. Kd3 Kf8 37. h3 Ke8 38. Kc4 Ra4+ 39. Kd3 Kd7 40. Bxc3 Ra3 41. g4 Bxc3 42. Rxc3 Rxa2 43. Kc4 Rh2 44. Kb5 Rxh3 45. Kxa5 f5 46. Kb4 fxg4 47. fxg4 Rxc3 48. Kxc3 Kd6 49. Kd4 e5+ 50. Ke4 Ke6 51. Ke3 Kd5 52. Kd3 e4+ 53. Ke3 Ke5 0-1

[Event "Bad Sooden-Allendorf Seniors op 14th"]
[Site "Bad Sooden-Allendorf"]
[Date "2002.04.24"]
[Round "3"]
[White "Schneider, Hans"]
[Black "Thomas, Johann"]
[Result "0-1"]
[WhiteElo "1651"]
[BlackElo "1396"]
[PlyCount "40"]
[EventDate "2002.04.??"]
[EventType "swiss"]
[EventRounds "9"]
[EventCountry "GER"]
[SourceTitle "EXT 2006"]
[Source "ChessBase"]
[SourceDate "2005.11.24"]
[SourceVersion "1"]
[SourceVersionDate "2005.11.24"]
[SourceQuality "1"]

1. e4 d6 2. Nf3 Nf6 3. d3 e5 4. g3 Bg4 5. Bg2 Nc6 6. 0-0 Qd7 7. c3 Be7 8. Re1 h5 9. h4 Nh7 10. Qc2 Bxf3 11. Bxf3 g5 12. hxg5 Bxg5 13. Kg2 0-0-0 14. Rh1 Bxc1 15. Rxc1 Ng5 16. Rh1 Kb8 17. Rh4 Ne7 18. Nd2 Ng6 19. Rxh5 Rxh5 20. Bxh5 Qh3+ 0-1